000 00661 a2200217 4500
001 000
003 000
005 20251015143051.0
020 _a9781032817422
040 _erda
050 _aRD 118 .D45
100 _aDeleyiannis, Frederic White-Brown
245 _aReflections of a Microvascular Plastic Surgeon
_bReconstructing shattered lives
_cFrederic White-Brown Deleyiannis
264 _aBoca Raton
_bCRC Press
_c2025
300 _axii, 155p. ill.
336 _2rdacontent
338 _2rdacarrier
504 _aIncludes bibliographical references and index
650 _2Reconstructive surgery.
_aMicrosurgery
_vPlastic surgery.
942 _2lcc
_cBK
999 _c43798
_d43798